Central Library OPAC University of Rajshahi

প্রাচীন ভারত : (Record no. 47752)

MARC details
000 -LEADER
fixed length control field 01057nam a2200241 a 4500
001 - CONTROL NUMBER
control field 47752
003 - CONTROL NUMBER IDENTIFIER
rucl marc code BD-RjUL
005 - DATE AND TIME OF LATEST TRANSACTION
control field 20211209054403.0
008 - FIXED-LENGTH DATA ELEMENTS--GENERAL INFORMATION
fixed length control field 160810s19941990ii ||||| |||| 00| 0 ben d
020 ## - INTERNATIONAL STANDARD BOOK NUMBER
International Standard Book Number 8170660890
Terms of availability : IRs. 40.00
035 ## - SYSTEM CONTROL NUMBER
System control number (BD-RjUL)47871
040 ## - CATALOGING SOURCE
Original cataloging agency BD-RjUL
Language of cataloging ben
Transcribing agency BD-RjUL
Modifying agency BD-RjUL
041 ## - LANGUAGE CODE
Language code of text/sound track or separate title ben
082 ## - DEWEY DECIMAL CLASSIFICATION NUMBER
Edition number 23
Classification number 891.209
Author mark and year BHP 1994
100 ## - MAIN ENTRY--PERSONAL NAME
Personal name ভট্টাচার্য, সুকুমারী.
9 (RLIN) 119115
245 ## - TITLE STATEMENT
Title প্রাচীন ভারত :
Remainder of title সমাজ ও সাহিত্য /
Statement of responsibility, etc. সুকুমারী ভট্টাচার্য.
250 ## - EDITION STATEMENT
Edition statement ২য় সং.
260 ## - PUBLICATION, DISTRIBUTION, ETC. (IMPRINT)
Place of publication, distribution, etc. কলকাতা :
Name of publisher, distributor, etc. আনন্দ পাবলিশার্স প্রাইভেট লি: ,
Date of publication, distribution, etc. ১৯৯০[মুদ্রণ ১৯৯৪]
300 ## - PHYSICAL DESCRIPTION
Pagination ২৩৪ পৃ. ;
Size ২২ সেমি.
650 ## - SUBJECT ADDED ENTRY--TOPICAL TERM
Topical term or geographic name as entry element সংস্কৃত সাহিত্য
General subdivision ইতিহাস ও সমালোচনা
9 (RLIN) 119695
Topical term or geographic name as entry element Sanskrit literature
General subdivision History and criticism
9 (RLIN) 119696
942 ## - ADDED ENTRY ELEMENTS (KOHA)
Source of classification or shelving scheme Dewey Decimal Classification
Koha item type Books
Holdings
Lost status Source of classification or shelving scheme Damaged status Not for loan Collection code Permanent Location Current Location Shelving location Date acquired Source of acquisition Cost, normal purchase price Total Checkouts Full call number Date last seen Date checked out Copy number Koha item type
  Dewey Decimal Classification     Non-fiction Central Library, University of Rajshahi Central Library, University of Rajshahi   23/01/1997 Ankur 40.00 6 B 891.209 BHP 1994 24/11/2025 13/11/2025 C-2 Books
  Dewey Decimal Classification     Non-fiction Central Library, University of Rajshahi Central Library, University of Rajshahi   23/01/1997 Ankur 40.00   B 891.209 BHP 1994 10/08/2016   C-3 Books
  Dewey Decimal Classification     Non-fiction Central Library, University of Rajshahi Central Library, University of Rajshahi   23/01/1997 Ankur 40.00 2 B 891.209 BHP 1994 09/12/2024 09/12/2024 C-4 Books
  Dewey Decimal Classification     Non-fiction Central Library, University of Rajshahi Central Library, University of Rajshahi   23/01/1997 Ankur 40.00   B 891.209 BHP 1994 10/08/2016   C-5 Books
  Dewey Decimal Classification     Non-fiction Central Library, University of Rajshahi Central Library, University of Rajshahi   23/01/1997 Ankur 40.00   B 891.209 BHP 1994 10/08/2016   C-7 Books
  Dewey Decimal Classification     Non-fiction Central Library, University of Rajshahi Central Library, University of Rajshahi   23/01/1997 Ankur 40.00 1 B 891.209 BHP 1994 12/12/2017 26/11/2017 C-8 Books
  Dewey Decimal Classification     Non-fiction Central Library, University of Rajshahi Central Library, University of Rajshahi   23/01/1997 Ankur 40.00   B 891.209 BHP 1994 10/08/2016   C-9 Books
  Dewey Decimal Classification     Non-fiction Central Library, University of Rajshahi Central Library, University of Rajshahi   23/01/1997 Ankur 40.00   B 891.209 BHP 1994 10/08/2016   C-10 Books
  Dewey Decimal Classification   Not For Loan Non-fiction Central Library, University of Rajshahi Central Library, University of Rajshahi Reading Room 23/01/1997 Ankur 40.00   B 891.209 BHP 1994 10/08/2016   C-1 Books
  Dewey Decimal Classification   Not For Loan Fiction Central Library, University of Rajshahi Central Library, University of Rajshahi Reading Room 23/01/1997 Ankur 40.00   B 891.209 BHP 1994 15/10/2019   C-1 Books
  Dewey Decimal Classification     Fiction Central Library, University of Rajshahi Central Library, University of Rajshahi   23/01/1997 Ankur 40.00   B 891.209 BHP 1994 15/10/2019   C-6 Books